[Event "26th WSCC 2016 Open 65+"]
[Site "Marianske Lazne, Czech Republic - Hotel Cristal and Continental"]
[Date "2016.11.22"]
[Round "4.8"]
[White "Sveshnikov, Evgeny"]
[Black "Pribyl, Josef"]
[Result "0-1"]
[WhiteElo "2489"]
[BlackElo "2252"]
[PlyCount "100"]
[EventDate "2016.11.19"]

1. e4 c6 2. Nc3 d5 3. Nf3 Bg4 4. h3 Bxf3 5. Qxf3 Nf6 6. d4 e6 7. Bd3 dxe4 8.
Nxe4 Qxd4 9. O-O Nbd7 10. Rd1 Be7 11. Ng5 Ne5 12. Qe2 Nxd3 13. Rxd3 Qa4 14. c4
O-O 15. Rg3 Rad8 16. b3 Qa5 17. b4 Qf5 18. Rf3 Qg6 19. h4 Bxb4 20. Rb3 a5 21.
a3 Bc5 22. Rxb7 h6 23. Nh3 Ng4 24. Bb2 Qf5 25. Rb3 e5 26. Rf1 Rfe8 27. Rg3 Nf6
28. Bc1 Ne4 29. Rf3 Qg4 30. Re1 f5 31. Be3 Be7 32. Qc2 Bxh4 33. c5 Rd5 34. Kh1
Red8 35. Kh2 Be7 36. Qa4 Nd2 37. Qxc6 Nxf3+ 38. gxf3 Qh5 39. Rg1 f4 40. Bc1
Bxc5 41. Rg2 Qxf3 42. Bb2 Qh5 43. Qc7 Bf8 44. Qc4 Kh8 45. a4 Rd3 46. Qe6 Rb8
47. Bxe5 Rbb3 48. f3 Rxf3 49. Bxg7+ Bxg7 50. Qe8+ Qxe8 0-1

[Event "26th WSCC 2016 Open 65+"]
[Site "Marianske Lazne, Czech Republic - Hotel Cristal and Continental"]
[Date "2016.11.22"]
[Round "4.9"]
[White "Gruzmann, Boris"]
[Black "Zhelnin, Vladimir V"]
[Result "0-1"]
[WhiteElo "2268"]
[BlackElo "2453"]
[PlyCount "106"]
[EventDate "2016.11.19"]

1. e4 c5 2. Nf3 d6 3. d4 cxd4 4. Nxd4 Nf6 5. Nc3 a6 6. f4 Qc7 7. Bd3 g6 8. O-O
Bg7 9. Kh1 O-O 10. Nf3 Nc6 11. Qe1 Nb4 12. Qh4 Be6 13. e5 Nxd3 14. cxd3 dxe5
15. fxe5 Ng4 16. Ng5 h5 17. h3 Nxe5 18. Nxe6 fxe6 19. Bf4 Qd7 20. Rad1 Nf7 21.
d4 Rac8 22. Qg3 Kh7 23. Qd3 e5 24. Be3 exd4 25. Bxd4 e5 26. Be3 Qxd3 27. Rxd3
Rcd8 28. Rxd8 Nxd8 29. Rd1 Bf6 30. Rd7+ Rf7 31. Ne4 Bh4 32. Rxf7+ Nxf7 33. g3
Be7 34. Kg2 Kg7 35. Kf3 Nd8 36. Bb6 Ne6 37. h4 Kf7 38. Ke3 Ng7 39. Nc5 Nf5+ 40.
Ke4 Bxc5 41. Bxc5 Ke6 42. Bf2 Nd6+ 43. Kf3 Kf5 44. Be1 Nc4 45. Bc3 Nb6 46. Bd2
Nd5 47. Be1 e4+ 48. Ke2 Kg4 49. b3 Ne7 50. Ke3 Nf5+ 51. Kxe4 Nxg3+ 52. Ke5 Nf5
53. b4 Nxh4 0-1

[Event "26th WSCC 2016 Open 65+"]
[Site "Marianske Lazne, Czech Republic - Hotel Cristal and Continental"]
[Date "2016.11.22"]
[Round "4.10"]
[White "Okhotnik, Vladimir"]
[Black "Sobolevsky, Leonid"]
[Result "1-0"]
[WhiteElo "2434"]
[BlackElo "2207"]
[PlyCount "95"]
[EventDate "2016.11.19"]

1. e4 c5 2. Nf3 Nc6 3. c3 Nf6 4. e5 Nd5 5. d4 cxd4 6. cxd4 d6 7. exd6 Qxd6 8.
Nc3 Nxc3 9. bxc3 g6 10. Be2 Bg7 11. O-O O-O 12. Be3 e5 13. dxe5 Qxd1 14. Rfxd1
Nxe5 15. Nxe5 Bxe5 16. Bc5 Re8 17. Bb5 Re6 18. Rd8+ Kg7 19. Bd7 Bxd7 20. Rxa8
Bxc3 21. Rd1 Ba4 22. Bf8+ Kf6 23. Rd6 Rxd6 24. Bxd6 a6 25. g4 Ke6 26. Bc5 Bc6
27. Rd8 Be5 28. Rd3 Be4 29. Rb3 Bd5 30. Re3 Kf6 31. h4 Ba1 32. Be7+ Kg7 33. g5
f6 34. Rd3 Bc6 35. Rd6 fxg5 36. hxg5 h6 37. f4 h5 38. Bf6+ Bxf6 39. gxf6+ Kf7
40. Kh2 Be4 41. Kg3 a5 42. Kh4 a4 43. Kg5 Bc6 44. Rd8 a3 45. Rc8 Be8 46. Rc7+
Kf8 47. Rxb7 Bc6 48. Ra7 1-0

[Event "26th WSCC 2016 Open 65+"]
[Site "Marianske Lazne, Czech Republic - Hotel Cristal and Continental"]
[Date "2016.11.22"]
[Round "4.11"]
[White "Braun, Gottfried"]
[Black "Jansa, Vlastimil"]
[Result "0-1"]
[WhiteElo "2242"]
[BlackElo "2418"]
[PlyCount "94"]
[EventDate "2016.11.19"]

1. e4 c5 2. c3 Nf6 3. e5 Nd5 4. d4 cxd4 5. cxd4 e6 6. Nf3 b6 7. Bd3 Bb4+ 8. Bd2
Bxd2+ 9. Nbxd2 Ba6 10. Bxa6 Nxa6 11. O-O O-O 12. Rc1 Nab4 13. Qb3 f6 14. Rfe1
Qe8 15. a3 Nc6 16. Qd3 Qh5 17. g3 g5 18. Qe4 f5 19. Qd3 Rf7 20. Kh1 Raf8 21.
Ng1 Rg7 22. Ne2 Rg6 23. Qf3 g4 24. Qg2 Nce7 25. Nc3 f4 26. Nxd5 Nxd5 27. Ne4 f3
28. Qf1 Rh6 29. Qg1 Qg6 30. Nd6 Rh3 31. Re4 h5 32. Rf1 Kg7 33. Rc1 Rh8 34. Rd1
h4 35. Rd2 Rh7 36. Rc2 hxg3 37. fxg3 Rh8 38. Qe1 Rf8 39. Rf2 Qg5 40. Rc2 Qh5
41. Qf2 Nf4 42. Rxf4 Rxf4 43. Rc7 Rxh2+ 44. Qxh2 f2 45. Rxd7+ Kg6 46. Qxh5+
Kxh5 47. gxf4 f1=Q+ 0-1

[Event "26th WSCC 2016 Open 65+"]
[Site "Marianske Lazne, Czech Republic - Hotel Cristal and Continental"]
[Date "2016.11.22"]
[Round "4.12"]
[White "Vasiukov, Evgeni"]
[Black "Roeder, Gerd"]
[Result "1-0"]
[WhiteElo "2405"]
[BlackElo "2207"]
[PlyCount "107"]
[EventDate "2016.11.19"]

1. f4 d5 2. Nf3 g6 3. g3 Bg7 4. Bg2 Nf6 5. O-O O-O 6. d3 c5 7. c3 Nc6 8. Na3 b6
9. h3 Bb7 10. Qe1 e6 11. Rb1 Nd7 12. b4 cxb4 13. cxb4 Nd4 14. Nxd4 Bxd4+ 15.
Kh2 Bg7 16. Bb2 Bxb2 17. Rxb2 Qf6 18. Qd2 Rfc8 19. Rb3 Qe7 20. Nb5 Nf6 21. Qe3
Qd7 22. Nd4 Ne8 23. g4 Ng7 24. Qg3 Re8 25. h4 h5 26. Bf3 hxg4 27. Bxg4 Nf5 28.
Bxf5 exf5 29. h5 Kg7 30. hxg6 Rh8+ 31. Kg2 Rh6 32. Kf2 fxg6 33. Rg1 Rf8 34. Qg5
Bc8 35. Rc3 Kh7 36. Rgc1 Qg7 37. Rc7 Bd7 38. Ne6 Bxe6 39. Rxg7+ Kxg7 40. Rc7+
Rf7 41. Rxf7+ Bxf7 42. Qe7 a5 43. b5 Rh2+ 44. Kg3 Rh8 45. Qe5+ Kh7 46. Qc7 Kg7
47. Qxb6 Ra8 48. a4 Kg8 49. Kf2 Kf8 50. Qb7 Re8 51. Qa7 Kg7 52. Qxa5 g5 53.
fxg5 Kg6 54. Qc7 1-0

[Event "26th WSCC 2016 Open 65+"]
[Site "Marianske Lazne, Czech Republic - Hotel Cristal and Continental"]
[Date "2016.11.22"]
[Round "4.13"]
[White "Wahlbom, Magnus"]
[Black "Bogdanov, Valentin"]
[Result "0-1"]
[WhiteElo "2215"]
[BlackElo "2385"]
[PlyCount "82"]
[EventDate "2016.11.19"]

1. e4 Nf6 2. e5 Nd5 3. d4 d6 4. c4 Nb6 5. exd6 exd6 6. Nc3 Be7 7. Be3 Nc6 8. h3
Bf5 9. Nf3 O-O 10. b3 Re8 11. Be2 Bf6 12. O-O h6 13. Qd2 a5 14. d5 Nb4 15. Rac1
Nd7 16. Nd4 Bg6 17. a3 Na6 18. Bd3 Bxd3 19. Qxd3 Nac5 20. Qc2 Ne5 21. Rcd1 a4
22. b4 Ncd7 23. Nxa4 Nxc4 24. Qxc4 Rxa4 25. Nb5 Re7 26. Qxc7 Qxc7 27. Nxc7 Rxa3
28. Nb5 Ra6 29. Rc1 Re4 30. Rc8+ Kh7 31. Rb1 Be5 32. Rc7 Nf6 33. Rxb7 Rxb4 34.
Rd1 Ra5 35. f4 Raxb5 36. Rxb5 Rxb5 37. fxe5 dxe5 38. d6 Nd7 39. g4 Kg6 40. Kf2
Kf6 41. Rd3 Ke6 0-1

[Event "26th WSCC 2016 Open 65+"]
[Site "Marianske Lazne, Czech Republic - Hotel Cristal and Continental"]
[Date "2016.11.22"]
[Round "4.14"]
[White "Tapper, Larry"]
[Black "Rooze, Jan"]
[Result "1-0"]
[WhiteElo "2212"]
[BlackElo "2335"]
[PlyCount "159"]
[EventDate "2016.11.19"]

1. e4 c5 2. g3 Nc6 3. Bg2 e6 4. Ne2 Nf6 5. O-O Be7 6. d4 cxd4 7. Nxd4 O-O 8. c4
d6 9. Nc3 Bd7 10. Be3 a6 11. Rc1 Rc8 12. b3 Qa5 13. Qd2 Kh8 14. h3 Nxd4 15.
Qxd4 b5 16. e5 dxe5 17. Qxe5 Bb4 18. Ne4 bxc4 19. Qxa5 Bxa5 20. Nd6 Rc7 21.
Nxc4 Bb4 22. Bf4 Ra7 23. Rfd1 Nd5 24. Be5 f6 25. Bd4 Rc7 26. Nb6 Rxc1 27. Rxc1
Nxb6 28. Bxb6 Rc8 29. Rd1 Bb5 30. Bf3 Kg8 31. a4 Bc6 32. Bxc6 Rxc6 33. Rd8+ Kf7
34. Rd7+ Ke8 35. Rb7 a5 36. Kg2 Rd6 37. Be3 Rd7 38. Rb8+ Kf7 39. Rb5 Rc7 40.
Kf1 Ke8 41. Ke2 Kd7 42. Kd1 e5 43. Bd2 Bxd2 44. Kxd2 Ra7 45. Kd3 Ke6 46. Kc4
Kf5 47. Kd3 h5 48. Ke3 Rc7 49. Kd3 Ra7 50. Ke3 g5 51. f3 Rc7 52. g4+ hxg4 53.
hxg4+ Kg6 54. Kd3 Rd7+ 55. Ke2 Ra7 56. Rc5 Rb7 57. Rb5 Ra7 58. Kd3 Rd7+ 59. Ke4
Ra7 60. Rb8 Rd7 61. Rg8+ Kf7 62. Rb8 Rd4+ 63. Ke3 Rd6 64. Rb5 Ra6 65. Ke4 Ke6
66. Rb7 Rd6 67. Rb8 Ra6 68. Rb5 Kd6 69. Kf5 Kc7 70. b4 axb4 71. Rxb4 Kd6 72. a5
Kc5 73. Rb6 Rxa5 74. Rxf6 Kd4 75. Kxg5 Ke3 76. Kg6 Ra4 77. Rf5 e4 78. fxe4 Rxe4
79. g5 Rg4 80. Kf6 1-0

[Event "26th WSCC 2016 Open 65+"]
[Site "Marianske Lazne, Czech Republic - Hotel Cristal and Continental"]
[Date "2016.11.22"]
[Round "4.15"]
[White "Maryasin, Boris"]
[Black "Singer, Hans"]
[Result "1-0"]
[WhiteElo "2331"]
[BlackElo "2202"]
[PlyCount "41"]
[EventDate "2016.11.19"]

1. e4 c5 2. Nf3 e6 3. d4 cxd4 4. Nxd4 Nc6 5. Nc3 Qc7 6. Be3 Nf6 7. Qf3 a6 8.
O-O-O Be7 9. Nxc6 bxc6 10. g4 h5 11. gxh5 Nxh5 12. Bh3 Rb8 13. Bg4 g6 14. h4 e5
15. Bg5 d6 16. Bxe7 Kxe7 17. Bxh5 Rxh5 18. Qd3 Bb7 19. Qc4 Qb6 20. Rxd6 Bc8 21.
Nd5+ 1-0

[Event "26th WSCC 2016 Open 65+"]
[Site "Marianske Lazne, Czech Republic - Hotel Cristal and Continental"]
[Date "2016.11.22"]
[Round "4.16"]
[White "Werner, Clemens"]
[Black "Malmdin, Nils-Ake"]
[Result "1/2-1/2"]
[WhiteElo "2325"]
[BlackElo "2182"]
[PlyCount "32"]
[EventDate "2016.11.19"]

1. e4 g6 2. d4 Bg7 3. Nf3 c5 4. d5 d6 5. Nc3 Bg4 6. Be2 Bxf3 7. Bxf3 Qa5 8. O-O
Nd7 9. Be2 a6 10. Bd2 Qc7 11. a4 Bd4 12. Kh1 h5 13. Bg5 Ngf6 14. f3 Nh7 15. Qd2
Nxg5 16. Qxg5 Bf6 1/2-1/2

[Event "26th WSCC 2016 Open 65+"]
[Site "Marianske Lazne, Czech Republic - Hotel Cristal and Continental"]
[Date "2016.11.22"]
[Round "4.17"]
[White "Harestad, Thor Geir"]
[Black "Khanukov, Boris"]
[Result "0-1"]
[WhiteElo "2211"]
[BlackElo "2320"]
[PlyCount "80"]
[EventDate "2016.11.19"]

1. Nf3 d5 2. g3 Nf6 3. Bg2 c6 4. O-O Nbd7 5. b3 e5 6. d3 Bd6 7. Bb2 O-O 8. Nc3
d4 9. Ne4 Nxe4 10. dxe4 Qe7 11. Nd2 Nb6 12. c3 dxc3 13. Bxc3 Be6 14. Qc2 f6 15.
Ba5 Bb4 16. Bxb4 Qxb4 17. Rfd1 Rfd8 18. a3 Qe7 19. a4 a5 20. e3 Rd7 21. Bf1
Rad8 22. Nc4 Qc5 23. Rxd7 Rxd7 24. Rd1 Kf8 25. Rxd7 Nxd7 26. Qd1 h6 27. Nd6 Qb4
28. Bc4 Bh3 29. Nf5 Bxf5 30. exf5 Qe7 31. Qh5 Qe8 32. Qg4 Nc5 33. Qe2 b6 34.
Qe1 Qd7 35. b4 axb4 36. Qxb4 Qd1+ 37. Kg2 Qxa4 38. Qc3 Ke7 39. Be2 Qa2 40. Bd1
Qxf2+ 0-1

[Event "26th WSCC 2016 Open 65+"]
[Site "Marianske Lazne, Czech Republic - Hotel Cristal and Continental"]
[Date "2016.11.22"]
[Round "4.18"]
[White "Gergel, Vladimir P"]
[Black "Neckar, Lubomir"]
[Result "0-1"]
[WhiteElo "2201"]
[BlackElo "2319"]
[PlyCount "102"]
[EventDate "2016.11.19"]

1. e4 d5 2. exd5 Qxd5 3. Nc3 Qd8 4. d4 Nf6 5. Bc4 a6 6. Nf3 b5 7. Bb3 c5 8.
dxc5 Qxd1+ 9. Nxd1 e6 10. a4 b4 11. Be3 Nfd7 12. a5 Bxc5 13. Nd2 Ke7 14. Nc4
Bxe3 15. Ndxe3 Nc5 16. Ba4 Nxa4 17. Rxa4 Nc6 18. Nb6 Rb8 19. O-O Rd8 20. f4 Bd7
21. f5 Be8 22. fxe6 fxe6 23. Nbc4 Nd4 24. Raa1 Bb5 25. b3 g6 26. Rf2 Nf5 27. g4
Nxe3 28. Nxe3 Rd4 29. h3 Rc8 30. Re1 Rc3 31. Rh2 Kd6 32. Rf2 Re4 33. Nc4+ Rcxc4
34. Rd2+ Rcd4 35. Rxe4 Rxd2 36. Rxb4 Rxc2 37. g5 e5 38. Rh4 Rc7 39. Kf2 Kd5 40.
Ke3 Rf7 41. b4 Rc7 42. Rh6 e4 43. h4 Ke5 44. h5 Kf5 45. hxg6 hxg6 46. Rh8 Rc3+
47. Kd2 Rb3 48. Rf8+ Kxg5 49. Rf7 e3+ 50. Kc2 Rxb4 51. Re7 e2 0-1

[Event "26th WSCC 2016 Open 65+"]
[Site "Marianske Lazne, Czech Republic - Hotel Cristal and Continental"]
[Date "2016.11.22"]
[Round "4.19"]
[White "Van Riemsdijk, Herman C"]
[Black "Bratus, Petr P"]
[Result "1/2-1/2"]
[WhiteElo "2309"]
[BlackElo "2140"]
[PlyCount "121"]
[EventDate "2016.11.19"]

1. e4 c5 2. Nf3 d6 3. d4 cxd4 4. Nxd4 Nf6 5. Nc3 a6 6. Bg5 e6 7. Qf3 Nbd7 8.
O-O-O Qc7 9. Qg3 Be7 10. Be2 b5 11. Bxb5 axb5 12. Ndxb5 Qa5 13. Nxd6+ Kf8 14.
f4 h6 15. Bxf6 Nxf6 16. Rd4 Bd7 17. Rhd1 g6 18. Qf3 Bc6 19. Rc4 Qa6 20. Rcd4
Kg7 21. b3 Rhd8 22. a4 Ne8 23. Ncb5 Nxd6 24. Nxd6 Qa5 25. Qd3 e5 26. Qc4 Be8
27. Nxe8+ Rxe8 28. Rd5 Qb6 29. fxe5 Rec8 30. Qd3 Qb4 31. e6 Bg5+ 32. Kb1 fxe6
33. Rd7+ Be7 34. Qd6 Qxd6 35. R1xd6 Kf6 36. Rb6 Bc5 37. Rb5 Rab8 38. Rxb8 Rxb8
39. Kb2 Ke5 40. Rg7 Kxe4 41. Rxg6 e5 42. Rxh6 Rg8 43. b4 Bd4+ 44. c3 Rxg2+ 45.
Kb3 Be3 46. Rh5 Bf4 47. a5 Kf3 48. a6 e4 49. Rh8 Rg7 50. b5 e3 51. b6 e2 52. a7
e1=Q 53. a8=Q+ Kf2 54. Qa2+ Kg1 55. Ka4 Qxc3 56. Rc8 Qd4+ 57. Rc4 Qd7+ 58. Kb3
Qb5+ 59. Rb4 Qd3+ 60. Ka4 Qa6+ 61. Kb3 1/2-1/2

[Event "26th WSCC 2016 Open 65+"]
[Site "Marianske Lazne, Czech Republic - Hotel Cristal and Continental"]
[Date "2016.11.22"]
[Round "4.20"]
[White "Sejkora, Vlastimil"]
[Black "Shvedchikov, Anatoli I"]
[Result "1/2-1/2"]
[WhiteElo "2195"]
[BlackElo "2281"]
[PlyCount "79"]
[EventDate "2016.11.19"]

1. e4 c5 2. Nf3 Nc6 3. Bb5 e6 4. O-O Nge7 5. c3 a6 6. Ba4 b5 7. Bc2 d5 8. d4
cxd4 9. cxd4 Nb4 10. a4 Bb7 11. e5 Nxc2 12. Qxc2 b4 13. Bg5 h6 14. Bxe7 Bxe7
15. Nbd2 Rc8 16. Qd3 Qc7 17. Nb3 Qc2 18. Qxc2 Rxc2 19. Rfb1 Kd7 20. Ne1 Rc4 21.
Nd3 Rhc8 22. Ndc5+ Bxc5 23. Nxc5+ Kc7 24. Rd1 a5 25. Rac1 Kb6 26. b3 Rxd4 27.
Rxd4 Rxc5 28. Rdd1 d4 29. Rxc5 Kxc5 30. Rc1+ Kb6 31. f3 Bd5 32. Rb1 f6 33. exf6
gxf6 34. Kf2 e5 35. Ke2 Bf7 36. Kd2 Bg6 37. Rc1 Bf7 38. Kc2 Bg6+ 39. Kd2 Bf7
40. Kc2 1/2-1/2

[Event "26th WSCC 2016 Open 65+"]
[Site "Marianske Lazne, Czech Republic - Hotel Cristal and Continental"]
[Date "2016.11.22"]
[Round "4.21"]
[White "Lederman, Leon"]
[Black "Mojzis, Jaroslav"]
[Result "1-0"]
[WhiteElo "2280"]
[BlackElo "2116"]
[PlyCount "133"]
[EventDate "2016.11.19"]

1. e4 e5 2. Nf3 Nc6 3. Bb5 a6 4. Ba4 Nf6 5. O-O Be7 6. Re1 b5 7. Bb3 d6 8. c3
O-O 9. d4 Bg4 10. Be3 exd4 11. cxd4 d5 12. e5 Ne4 13. h3 Bh5 14. Nc3 Nxc3 15.
bxc3 Na5 16. Bc2 Nc4 17. Bc1 a5 18. g4 Bg6 19. Bf5 b4 20. cxb4 axb4 21. Qd3 Ra6
22. Re2 Qa8 23. Kg2 Rb6 24. Rb1 Ra6 25. Bg5 Bxf5 26. gxf5 f6 27. exf6 Bxf6 28.
Rxb4 Qc8 29. Bf4 Bd8 30. Ne5 Nd6 31. Rc2 Nxf5 32. Bg3 Rh6 33. Rc6 Nd6 34. Ng4
Rg6 35. Bxd6 Rxd6 36. Rxd6 cxd6 37. Qg3 Qe6 38. Qe3 Qg6 39. Kf1 h5 40. Nh2 Re8
41. Qf3 Re4 42. Rb8 Qg5 43. Qg3 Qf6 44. Nf3 h4 45. Qg2 Rf4 46. Qg5 Rxf3 47.
Rxd8+ Kf7 48. Qxf6+ Rxf6 49. Rd7+ Kg6 50. Ke2 Re6+ 51. Kf3 Rf6+ 52. Kg2 Re6 53.
a4 Kf5 54. Rxg7 Re1 55. Rg4 Ra1 56. Rxh4 Rxa4 57. Kg3 Ra3+ 58. f3 Rd3 59. Rf4+
Kg5 60. h4+ Kg6 61. Kg4 Rd1 62. h5+ Kh6 63. Kf5 Re1 64. Kf6 Re8 65. Rf5 Re3 66.
Rxd5 Rxf3+ 67. Ke6 1-0

[Event "26th WSCC 2016 Open 65+"]
[Site "Marianske Lazne, Czech Republic - Hotel Cristal and Continental"]
[Date "2016.11.22"]
[Round "4.22"]
[White "Kayaman, Metin"]
[Black "Gutkin, Boris"]
[Result "0-1"]
[WhiteElo "1732"]
[BlackElo "2275"]
[PlyCount "96"]
[EventDate "2016.11.19"]

1. d4 Nf6 2. Nf3 g6 3. Bf4 Bg7 4. e3 d6 5. Bd3 O-O 6. Nbd2 Nc6 7. O-O Re8 8. e4
Nh5 9. Be3 e5 10. d5 Ne7 11. Ng5 Nf4 12. Qf3 h6 13. Nh3 g5 14. Bxf4 exf4 15.
Qh5 Ng6 16. f3 Ne5 17. Be2 Bd7 18. c3 f5 19. Nf2 Re7 20. Rae1 Qf8 21. Nc4 Rae8
22. Nxe5 Rxe5 23. Nd3 R5e7 24. Nf2 Qf6 25. Bd3 Re5 26. Be2 a5 27. a3 g4 28. Nd3
fxe4 29. Nxe5 Rxe5 30. Qxe5 dxe5 31. fxe4 Qh4 32. Bc4 Kh7 33. Rd1 Bf8 34. b4
Kg7 35. Rd3 Qg5 36. Kh1 Qg6 37. Re1 Qb6 38. Rd2 Bb5 39. Ba2 Qa6 40. Rc1 Bc4 41.
Bb1 Qb6 42. Re1 Be7 43. h3 Qf6 44. Rg1 Qh4 45. Bc2 Qg3 46. Bd1 h5 47. Rc2 Bd3
48. Rc1 Bxe4 0-1

[Event "26th WSCC 2016 Open 65+"]
[Site "Marianske Lazne, Czech Republic - Hotel Cristal and Continental"]
[Date "2016.11.22"]
[Round "4.23"]
[White "Renman, Nils-Gustaf"]
[Black "Ricter, Jean-Paul"]
[Result "1-0"]
[WhiteElo "2352"]
[BlackElo "2108"]
[PlyCount "113"]
[EventDate "2016.11.19"]

1. d4 d5 2. Nf3 Nf6 3. c4 e6 4. Nc3 c5 5. cxd5 exd5 6. g3 Nc6 7. Bg2 Be7 8. O-O
c4 9. Ne5 O-O 10. b3 cxb3 11. axb3 Be6 12. Bf4 Rc8 13. Nxc6 Rxc6 14. Qd3 a6 15.
Rfc1 Qd7 16. f3 Rfc8 17. Na2 Ba3 18. Rxc6 Qxc6 19. Bc1 Be7 20. Kf1 Bd8 21. Bd2
Qc2 22. Qxc2 Rxc2 23. Bc3 Bd7 24. Ke1 Bf5 25. g4 Bg6 26. Bd2 Kf8 27. g5 Nd7 28.
Nb4 Rb2 29. Nxd5 Rxb3 30. Rc1 Rb1 31. e4 Rxc1+ 32. Bxc1 f6 33. Bh3 Ke8 34. gxf6
gxf6 35. Ke2 a5 36. Nc3 Bf7 37. Kd3 Nb6 38. d5 Be7 39. Nb5 a4 40. Be3 Nd7 41.
Kc3 a3 42. Kb3 Nc5+ 43. Ka2 Na6 44. Nxa3 Nb4+ 45. Kb2 Nd3+ 46. Kc3 Ne5 47. Nb5
Nxf3 48. d6 Bd8 49. d7+ Kf8 50. Bc5+ Kg7 51. Nd6 Ng5 52. Bf5 Ne6 53. Nxb7 Nxc5
54. Nxd8 Nxd7 55. Bxd7 Bg6 56. Kd4 Kf8 57. Nc6 1-0

[Event "26th WSCC 2016 Open 65+"]
[Site "Marianske Lazne, Czech Republic - Hotel Cristal and Continental"]
[Date "2016.11.22"]
[Round "4.24"]
[White "Giffard, Nicolas"]
[Black "Casden, Alan"]
[Result "1-0"]
[WhiteElo "2313"]
[BlackElo "2102"]
[PlyCount "81"]
[EventDate "2016.11.19"]

1. d4 g6 2. e4 Bg7 3. Nc3 c5 4. d5 d6 5. Bb5+ Bd7 6. a4 Nf6 7. Nf3 O-O 8. h3 e5
9. Bxd7 Nbxd7 10. O-O Nh5 11. g3 Qe7 12. Nh2 Rab8 13. Nb1 f5 14. exf5 Ndf6 15.
fxg6 hxg6 16. Nc3 a6 17. a5 b5 18. axb6 Rxb6 19. Re1 Qf7 20. Re2 Rb4 21. Rxa6
Rd4 22. Qe1 Nxd5 23. Nb5 Qb7 24. Ra5 Rb4 25. Nxd6 Qb6 26. c3 Rh4 27. gxh4 Qxa5
28. Ng4 Qd8 29. Qd1 Nhf4 30. Bxf4 Nxf4 31. Re3 Qxh4 32. Qb3+ Kh7 33. Ne4 Bh6
34. Qb7+ Kh8 35. Nxe5 Nxh3+ 36. Rxh3 Qxh3 37. Nxg6+ Kg8 38. Nxf8 Qg4+ 39. Ng3
Bxf8 40. Qd5+ Kg7 41. Kg2 1-0

[Event "26th WSCC 2016 Open 65+"]
[Site "Marianske Lazne, Czech Republic - Hotel Cristal and Continental"]
[Date "2016.11.22"]
[Round "4.25"]
[White "Joukl, Zdenek"]
[Black "Sloth, Jorn"]
[Result "1/2-1/2"]
[WhiteElo "2108"]
[BlackElo "2312"]
[PlyCount "82"]
[EventDate "2016.11.19"]

1. d4 Nf6 2. Bf4 c6 3. Nd2 Qb6 4. Nb3 d5 5. e3 Bg4 6. Nf3 e6 7. h3 Bf5 8. Nh4
Be4 9. f3 Bg6 10. a4 a5 11. Nxg6 hxg6 12. Bd3 Nbd7 13. O-O Be7 14. Kh1 Nh5 15.
Bh2 Bh4 16. c4 Bg3 17. cxd5 exd5 18. f4 Kf8 19. Rf3 Bxh2 20. Kxh2 Re8 21. Qc2
Nhf6 22. Kg1 Ne4 23. Bxe4 dxe4 24. Rff1 Rh5 25. Rac1 Rd5 26. Rfd1 Qd8 27. Nd2
Qe7 28. Qb3 Rb8 29. Qc2 Re8 30. Qb3 Rb8 31. Nc4 g5 32. Rf1 gxf4 33. Rxf4 Qe6
34. Rcf1 Nf6 35. Nb6 Rdd8 36. Qc3 Kg8 37. Qxa5 Qb3 38. Re1 Nd5 39. Nxd5 Rxd5
40. Qc7 Rf8 41. Rxe4 Qxb2 1/2-1/2

[Event "26th WSCC 2016 Open 65+"]
[Site "Marianske Lazne, Czech Republic - Hotel Cristal and Continental"]
[Date "2016.11.22"]
[Round "4.26"]
[White "Vavruska, Antonin"]
[Black "Boehnisch, Manfred"]
[Result "0-1"]
[WhiteElo "2096"]
[BlackElo "2297"]
[PlyCount "62"]
[EventDate "2016.11.19"]

1. e4 c6 2. c4 d5 3. cxd5 cxd5 4. exd5 Nf6 5. Nc3 Nxd5 6. d4 Nc6 7. Nf3 Bg4 8.
Be2 e6 9. h3 Bh5 10. O-O Be7 11. Be3 O-O 12. Qb3 Na5 13. Qa4 Nxe3 14. fxe3 a6
15. b4 Rc8 16. Ne4 Nc4 17. Ng3 Bxf3 18. Rxf3 Nxe3 19. b5 axb5 20. Qxb5 Qxd4 21.
Rb1 Nd1+ 22. Kh1 Nc3 23. Qb2 Bf6 24. Rbf1 Nxe2 25. Qxe2 Qc4 26. Qf2 Bd4 27. Qd2
f5 28. Rf4 Bc3 29. Qd7 Qc6 30. Qd3 Rfd8 31. Qe3 Bd2 0-1

[Event "26th WSCC 2016 Open 65+"]
[Site "Marianske Lazne, Czech Republic - Hotel Cristal and Continental"]
[Date "2016.11.22"]
[Round "4.27"]
[White "Montero Martinez, Cristhian"]
[Black "Sorensen, Bent"]
[Result "1/2-1/2"]
[WhiteElo "2089"]
[BlackElo "2263"]
[PlyCount "34"]
[EventDate "2016.11.19"]

1. d4 e6 2. e4 d5 3. exd5 exd5 4. Bd3 Nc6 5. c3 Bd6 6. Qf3 Be6 7. Ne2 Qd7 8.
Bf4 O-O-O 9. Bxd6 Qxd6 10. O-O Nf6 11. Nd2 Bg4 12. Bf5+ Bxf5 13. Qxf5+ Kb8 14.
Rfe1 g6 15. Qf4 Rhe8 16. Qxd6 Rxd6 17. Nf4 Rdd8 1/2-1/2

[Event "26th WSCC 2016 Open 65+"]
[Site "Marianske Lazne, Czech Republic - Hotel Cristal and Continental"]
[Date "2016.11.22"]
[Round "4.28"]
[White "Ruckschloss, Karol"]
[Black "Ashby, Anthony C"]
[Result "1-0"]
[WhiteElo "2255"]
[BlackElo "2074"]
[PlyCount "95"]
[EventDate "2016.11.19"]

1. c4 Nf6 2. Nf3 e6 3. e3 c5 4. d4 d5 5. cxd5 exd5 6. Be2 Nc6 7. O-O Be7 8. b3
cxd4 9. Nxd4 O-O 10. Bb2 Ne4 11. Nd2 Nxd4 12. Bxd4 Bf6 13. Nf3 Nc3 14. Qd2
Nxe2+ 15. Qxe2 Bg4 16. Rad1 Rc8 17. h3 Bh5 18. Rd2 Be7 19. Qb5 Bxf3 20. gxf3 b6
21. f4 Qd6 22. Kh2 Rfd8 23. Rfd1 Qe6 24. Be5 Rc5 25. Qe2 f6 26. Bb2 Rc7 27. Qg4
Qf7 28. Qg2 Rcd7 29. Rc2 Bc5 30. Bd4 Bd6 31. Rdc1 Ba3 32. Rd1 Bd6 33. Rc6 Kf8
34. Rdc1 Rc7 35. Rxc7 Bxc7 36. Qg4 Qd7 37. Qh5 Kg8 38. Rg1 Qf7 39. Qf5 Rd6 40.
Rc1 Qd7 41. Qc2 Bd8 42. Bb2 Qe6 43. Ba3 Rd7 44. Qc8 Kf7 45. Rc6 Qf5 46. Rd6 Ke8
47. Qc6 Bc7 48. Re6+ 1-0

[Event "26th WSCC 2016 Open 65+"]
[Site "Marianske Lazne, Czech Republic - Hotel Cristal and Continental"]
[Date "2016.11.22"]
[Round "4.29"]
[White "Dahlhaus, Friedhelm"]
[Black "Huelsmann, Josef"]
[Result "1/2-1/2"]
[WhiteElo "2052"]
[BlackElo "2219"]
[PlyCount "44"]
[EventDate "2016.11.19"]

1. e4 e6 2. d4 d5 3. Nd2 Nf6 4. e5 Nfd7 5. Bd3 c5 6. c3 Nc6 7. Ne2 cxd4 8. cxd4
Nb6 9. O-O Bd7 10. f4 g6 11. Nf3 h5 12. Bd2 a5 13. Qe1 Nb4 14. Bxb4 axb4 15. b3
Nc8 16. Qd2 Qb6 17. Rac1 Ne7 18. Rc2 Nf5 19. Rfc1 Be7 20. h3 h4 21. Kh2 Bc6 22.
Bxf5 gxf5 1/2-1/2

[Event "26th WSCC 2016 Open 65+"]
[Site "Marianske Lazne, Czech Republic - Hotel Cristal and Continental"]
[Date "2016.11.22"]
[Round "4.30"]
[White "Jorgensen, Jorgen"]
[Black "Andersson, Kaj"]
[Result "1-0"]
[WhiteElo "2217"]
[BlackElo "2057"]
[PlyCount "61"]
[EventDate "2016.11.19"]

1. Nf3 Nf6 2. g3 d5 3. Bg2 e6 4. O-O Be7 5. c4 Nbd7 6. d4 O-O 7. b3 b6 8. cxd5
exd5 9. Nc3 Bb7 10. Bb2 Re8 11. Rc1 Ne4 12. Qc2 Bf6 13. Nxe4 dxe4 14. Nd2 Bg5
15. e3 Nf6 16. Qxc7 Qd5 17. Qc4 Qf5 18. Qa4 a5 19. Nc4 b5 20. Nd6 Qd7 21. Qxb5
Qxd6 22. Qxb7 a4 23. Rc5 Reb8 24. Qc6 Qxc6 25. Rxc6 axb3 26. a3 h5 27. Rfc1 Ng4
28. Bxe4 Nxe3 29. R6c5 f5 30. Bxa8 Rxa8 31. Rc8+ 1-0

[Event "26th WSCC 2016 Open 65+"]
[Site "Marianske Lazne, Czech Republic - Hotel Cristal and Continental"]
[Date "2016.11.22"]
[Round "4.31"]
[White "Gromark, Per-Olof"]
[Black "Karlik, Vladimir"]
[Result "1/2-1/2"]
[WhiteElo "2015"]
[BlackElo "2217"]
[PlyCount "48"]
[EventDate "2016.11.19"]

1. Nf3 d6 2. d4 Nf6 3. c4 Bf5 4. Nc3 g6 5. Qb3 b6 6. g3 Nc6 7. Bg2 Na5 8. Qa4+
Bd7 9. Qc2 c5 10. b3 Bg7 11. Bb2 O-O 12. O-O a6 13. Qd2 cxd4 14. Nxd4 Rc8 15.
Rac1 Nc6 16. Nxc6 Bxc6 17. Nd5 Nxd5 18. cxd5 Bxb2 19. Qxb2 Bd7 20. Qd4 Rxc1 21.
Rxc1 Qb8 22. Be4 Rc8 23. Rxc8+ Bxc8 24. Qa4 Bb7 1/2-1/2